00386nam a2200133Ia 4500003000400000005001700004008004100021040000900062082001900071100001900090245009000109260004400199300000900243OSt20200618150710.0190216s9999||||xx |||||||||||||| ||und|| coclc a954.029bMAJ/H aMajumdar, R C  4aThe History And Culture Of The Indian People :bThe Maratha Supremacy /cR C Majumdar bBharatiya Vidya Bhavan,c1977.aBombay: a860p